Statistiques concernant Noms de personnes célèbres par éléments chimiques n°2

Cliquez ici pour prendre le quiz!

Statistiques générales

  • Ce quiz a été pris 289 fois
    (232 depuis la dernière actualisation)
  • Le résultat moyen est 4 sur 5

Statistiques - réponses

IndicesEléments chimiquesPersonnages% Correct
EcrivainCarbone-Américium-Uranium-SoufreAlbert Camus
92%
PoèteVanadium-Erbium-Lanthane-Iode-NéonPaul Verlaine
86%
ScientifiqueLanthane-Vanadium-Oxygène-Iode-Silicium-ErbiumAntoine Lavoisier
85%
EmpereurBore-Oxygène-Sodium-Phosphore-Argon-TellureNapoléon Bonaparte
82%
PhysicienProtactinium-Soufre-Carbone-AluminiumBlaise Pascal
76%

Distribution des résultats

Percentile par nombre de réponses

% des personnes avec chaque résultat

Votre développement - résultats

Vous n’avez pas pris ce quiz depuis la dernière actualisation